| 000 | 00466nam a22001697a 4500 | ||
|---|---|---|---|
| 003 | NUST - PNEC | ||
| 005 | 20170116180758.0 | ||
| 008 | 150409b xxu||||| |||| 00| 0 eng d | ||
| 040 | _cLIBRARY | ||
| 082 | _a297.4 MAT | ||
| 100 |
_92291 _aMatheson, D.M. |
||
| 245 |
_aAn Introduction to sufi doctrine _cD.M. Matheson |
||
| 260 |
_aLahore: _bSuhail Academy Lahore, _cc1983. |
||
| 300 |
_a126 p.: _c22 cm |
||
| 651 |
_92292 _aIslam, Sufism _xGeneral |
||
| 942 |
_2ddc _cBK |
||
| 999 |
_c62840 _d62840 |
||